Т. 1: Электромагнитные поля в атмосфере Земли и их биологическое значение; Электромагнитные поля в биосфере

Бібліографічні деталі
Parent link:Электромагнитные поля в биосфере: в 2 т./ Академия наук СССР, Всесоюзное научное медико-техническое общество ; под ред. Н. В. Красногорской. Т. 1: Электромагнитные поля в атмосфере Земли и их биологическое значение.— , 1984
Мова:Російська
Опубліковано: 1984
Предмети:
Формат: Книга
KOHA link:https://koha.lib.tpu.ru/cgi-bin/koha/opac-detail.pl?biblionumber=91151

MARC

LEADER 00000nam2a2200000 4500
001 91151
005 20231101213744.0
035 |a (RuTPU)RU\TPU\book\97729 
090 |a 91151 
100 |a 20060221d1984 m y0rusy50 ca 
101 0 |a rus 
102 |a RU 
105 |a a z 001zy 
200 0 |a Т. 1: Электромагнитные поля в атмосфере Земли и их биологическое значение 
210 |d 1984 
215 |a 376 с.  |c ил. 
320 |a Библиогр. в конце статей 
461 1 |0 (RuTPU)RU\TPU\book\98021  |t Электромагнитные поля в биосфере  |o в 2 т.  |f Академия наук СССР, Всесоюзное научное медико-техническое общество ; под ред. Н. В. Красногорской  |v Т. 1: Электромагнитные поля в атмосфере Земли и их биологическое значение  |d 1984 
606 1 |a Электромагнитная биофизика  |2 stltpush  |3 (RuTPU)RU\TPU\subj\71551  |9 85410 
610 1 |a биосфера 
610 1 |a электромагнитные поля 
610 1 |a атмосфера 
610 1 |a Земля 
610 1 |a биологическое значение 
675 |a 577.3  |v 3 
801 1 |a RU  |b 63413507  |c 20060221  |g PSBO 
801 2 |a RU  |b 63413507  |c 20150422  |g PSBO 
942 |c BK